[Event "Washington International 2012"]
[Site "Rockville USA"]
[Date "2012.07.29"]
[Round "4"]
[White "Schuyler,J"]
[Black "Zimmer,Ra"]
[Result "1/2-1/2"]
[WhiteTitle "FM"]
[BlackTitle "FM"]
[WhiteElo "2345"]
[BlackElo "2202"]
[WhiteFideId "2001861"]
[BlackFideId "2001217"]
[EventDate "2012.07.28"]

1. e4 c5 2. Nc3 e6 3. f4 Nc6 4. Nf3 a6 5. g3 d5 6. exd5 exd5 7. Bg2 Nf6 8. O-O
Be7 9. Ne5 O-O 10. d3 Re8 11. Nxc6 bxc6 12. h3 Nd7 13. Bd2 Rb8 14. b3 Bf6 15.
Kh2 a5 16. Rb1 Ba6 17. Re1 Qc7 18. Na4 c4 19. dxc4 dxc4 20. Qf3 Rec8 21. Bc3
cxb3 22. axb3 c5 23. Rbd1 c4 24. Qd5 Bxc3 25. Re7 cxb3 26. Nxc3 Bc4 27. Qd2 Be6
28. f5 Bxf5 29. cxb3 Qxc3 30. Re8+ Nf8 31. Qxc3 Rxe8 32. Ra1 Be6 33. Ra3 Rec8
34. Qxa5 Bxb3 35. g4 Be6 36. Bd5 1/2-1/2

[Event "Washington International 2012"]
[Site "Rockville USA"]
[Date "2012.07.29"]
[Round "4"]
[White "Black,James A"]
[Black "Colas,Joshua"]
[Result "0-1"]
[WhiteElo "2232"]
[BlackElo "2126"]
[WhiteFideId "2048280"]
[BlackFideId "2044447"]
[EventDate "2012.07.28"]

1. c4 Nf6 2. g3 e5 3. Nc3 d5 4. cxd5 Nxd5 5. Bg2 Nb6 6. Nf3 Nc6 7. O-O Be7 8. a3
O-O 9. b4 a6 10. Bb2 Re8 11. Rc1 Nc4 12. Qc2 Nxb2 13. Qxb2 Bf5 14. d3 Rb8 15.
Nd2 Qd7 16. Rfe1 Bh3 17. Bh1 h5 18. Nce4 h4 19. Nb3 hxg3 20. hxg3 Qf5 21. Nec5
Bxc5 22. Rxc5 Rbd8 23. Rec1 Rd6 24. R1c4 Rh6 25. Be4 Qf6 26. e3 Be6 27. Bxc6
bxc6 28. Qxe5 Qf3 29. Rh4 Rxh4 30. gxh4 Qd1+ 31. Kh2 Qxb3 32. Qd4 Qa2 33. e4 Qd2
34. Kg3 f6 35. Rxc6 Qd1 36. f3 Qf1 37. h5 Qh3+ 38. Kf2 Qxh5 39. Rxa6 Qh2+ 40.
Ke1 Qh1+ 41. Ke2 Qh2+ 42. Ke1 Qf4 43. Ke2 Bf7 44. Ra5 Qh2+ 45. Ke1 Kh7 46. Qd7
Qg1+ 47. Ke2 Qg2+ 48. Ke3 Bg6 49. Qxc7 f5 50. Ra7 Bh5 51. Kd4 Bxf3 52. exf5 Qb2+
53. Kc4 Rc8 0-1

[Event "Washington International 2012"]
[Site "Rockville USA"]
[Date "2012.07.29"]
[Round "4"]
[White "Guadalupe,F"]
[Black "Yagiz,B"]
[Result "1-0"]
[WhiteElo "2214"]
[BlackElo "1909"]
[WhiteFideId "2025671"]
[BlackFideId "2026651"]
[EventDate "2012.07.28"]

1. e4 c5 2. Nf3 e6 3. d4 cxd4 4. Nxd4 a6 5. Bd3 Nc6 6. Nxc6 dxc6 7. O-O e5 8.
Kh1 Bd6 9. Nd2 b5 10. c4 Nf6 11. Qe2 Bg4 12. f3 Be6 13. f4 Bg4 14. Nf3 O-O 15.
g3 g6 16. Qc2 exf4 17. gxf4 Nh5 18. e5 Bc5 19. Be4 Qb6 20. Qg2 f5 21. Bc2 Be3
22. Ng5 h6 23. Ne6 Bxc1 24. Raxc1 Rfe8 25. c5 Qa5 26. Bb3 Kh7 27. h3 Red8 28.
Nxd8 Rxd8 29. hxg4 Rd2 30. Rf2 Nxf4 31. Qxc6 Rd8 32. Rxf4 1-0

[Event "Washington International 2012"]
[Site "Rockville USA"]
[Date "2012.07.29"]
[Round "4"]
[White "Kleszczewski,N"]
[Black "Thompson,I"]
[Result "0-1"]
[BlackTitle "FM"]
[WhiteElo "2108"]
[BlackElo "2243"]
[WhiteFideId "2014688"]
[BlackFideId "405205"]
[EventDate "2012.07.28"]

1. e4 e6 2. d4 d5 3. Nd2 Nf6 4. e5 Nfd7 5. Bd3 c5 6. c3 Nc6 7. Ne2 cxd4 8. cxd4
f6 9. exf6 Qxf6 10. Nf3 h6 11. Be3 Bd6 12. Nc3 O-O 13. Qd2 Rd8 14. O-O-O a6 15.
h4 b5 16. Kb1 Nf8 17. Ka1 b4 18. Na4 Rb8 19. b3 a5 20. Be2 e5 21. dxe5 Nxe5 22.
Nd4 Ng4 23. Bxg4 Bxg4 24. f3 Bd7 25. g4 Bxa4 26. bxa4 Ne6 27. g5 hxg5 28. hxg5
Qe5 29. Rh4 Bc5 30. Rdh1 Nxd4 31. Bxd4 Bxd4+ 32. Rxd4 b3 33. axb3 Rxb3 34. Qf4
Qe7 35. Rd2 Rdb8 36. g6 Ra3+ 37. Ra2 Rxa2+ 0-1

[Event "Washington International 2012"]
[Site "Rockville USA"]
[Date "2012.07.29"]
[Round "4"]
[White "Chevannes,S"]
[Black "Fink,S"]
[Result "1/2-1/2"]
[WhiteTitle "WFM"]
[WhiteElo "2090"]
[BlackElo "2107"]
[WhiteFideId "411280"]
[BlackFideId "2002175"]
[EventDate "2012.07.28"]

1. d4 Nf6 2. Nf3 g6 3. Nc3 d5 4. Bf4 Bg7 5. e3 O-O 6. Be2 c5 7. O-O cxd4 8. exd4
Nc6 9. Ne5 Qb6 10. Nxc6 Qxc6 11. Re1 Be6 12. Bb5 Qc8 13. a4 a6 14. Bd3 Re8 15.
a5 Nh5 16. Be3 Qc7 17. Qf3 Rad8 18. h3 Rf8 19. Ra3 Rfe8 20. Kh1 Rf8 21. Kg1 Rfe8
22. Rb3 Qxa5 23. Rxb7 Bc8 24. Rb3 e5 25. Ra3 Qb4 26. Rb3 Qa5 27. Ra3 Qb4 28. Rb3 1/2-1/2

[Event "Washington International 2012"]
[Site "Rockville USA"]
[Date "2012.07.30"]
[Round "5.3"]
[White "Gelashvili,T"]
[Black "Sundararajan,K"]
[Result "1/2-1/2"]
[WhiteTitle "GM"]
[BlackTitle "GM"]
[WhiteElo "2604"]
[BlackElo "2459"]
[WhiteFideId "13600702"]
[BlackFideId "5005370"]
[EventDate "2012.07.28"]

1. d4 Nf6 2. Nf3 e6 3. e3 b6 4. Bd3 Bb7 5. O-O d5 6. b3 Bd6 7. c4 Nbd7 8. Bb2
O-O 9. Nc3 a6 10. Rc1 Qe7 11. cxd5 exd5 12. Ne2 Ne4 13. Qc2 Rac8 14. Ng3 g6 15.
Qe2 Ba3 16. Bxa3 Qxa3 17. Rc2 c5 18. dxc5 Ndxc5 19. Bxe4 Nxe4 20. Nxe4 dxe4 21.
Nd4 Rxc2 22. Qxc2 Rc8 23. Qb1 a5 24. Rd1 Ba6 25. Qxe4 Rc1 26. Qf3 Qb2 27. g4 Bb7
28. Qxb7 Rxd1+ 29. Kg2 Rd2 30. Qb8+ Kg7 31. Qe5+ Kg8 32. Qf6 Qxa2 33. Qd8+ Kg7 1/2-1/2

[Event "Washington International 2012"]
[Site "Rockville USA"]
[Date "2012.07.30"]
[Round "5"]
[White "Mulyar,M"]
[Black "Friedel,J"]
[Result "1/2-1/2"]
[WhiteTitle "IM"]
[BlackTitle "GM"]
[WhiteElo "2386"]
[BlackElo "2503"]
[WhiteFideId "2008742"]
[BlackFideId "2017199"]
[EventDate "2012.07.28"]

1. d4 Nf6 2. c4 e6 3. g3 d5 4. Nf3 Bb4+ 5. Nc3 O-O 6. Bg2 dxc4 7. a3 Be7 8. Ne5
Nc6 9. Bxc6 bxc6 10. Nxc6 Qe8 11. Nxe7+ Qxe7 12. Qa4 c5 13. Qxc4 cxd4 14. Qxd4
Nd5 15. O-O Nxc3 16. Qxc3 Bb7 17. Be3 Rfc8 18. Qa5 Rc2 19. Rac1 Rxb2 20. Qe5 Qf6 1/2-1/2

[Event "Washington International 2012"]
[Site "Rockville USA"]
[Date "2012.07.30"]
[Round "5"]
[White "Azarov,S"]
[Black "Foisor,C"]
[Result "1-0"]
[WhiteTitle "GM"]
[BlackTitle "IM"]
[WhiteElo "2658"]
[BlackElo "2401"]
[WhiteFideId "13501470"]
[BlackFideId "1200496"]
[EventDate "2012.07.28"]

1. e4 e5 2. Nf3 Nc6 3. Bb5 a6 4. Ba4 Nf6 5. O-O Be7 6. Re1 b5 7. Bb3 d6 8. c3
O-O 9. h3 a5 10. Bc2 Bd7 11. a3 Re8 12. d4 Bf8 13. Nbd2 a4 14. Nf1 h6 15. Ng3 g6
16. Be3 Na5 17. Nd2 c5 18. f4 exd4 19. cxd4 Rc8 20. dxc5 dxc5 21. Qf3 Bc6 22.
Rad1 Qc7 23. Qf2 Ba8 24. Bb1 Nb3 25. Nxb3 axb3 26. e5 Nh7 27. f5 Rxe5 28. fxg6
fxg6 29. Bxg6 Qg7 30. Bf5 Rce8 31. Rd7 Be7 32. Nh5 Rxf5 33. Nxg7 Rxf2 34. Bxf2
Kxg7 35. Rexe7+ Rxe7 36. Rxe7+ Kg6 37. Re6+ Kf5 38. Rxh6 c4 39. Rxh7 c3 40. Rh5+
Ke4 41. Rxb5 1-0

[Event "Washington International 2012"]
[Site "Rockville USA"]
[Date "2012.07.30"]
[Round "5"]
[White "Hunt,A"]
[Black "Defibaugh,J"]
[Result "1/2-1/2"]
[WhiteTitle "IM"]
[WhiteElo "2447"]
[BlackElo "2263"]
[WhiteFideId "403970"]
[BlackFideId "2005603"]
[EventDate "2012.07.28"]

1. Nf3 Nf6 2. c4 g6 3. Nc3 d5 4. cxd5 Nxd5 5. Qb3 Nb6 6. d4 Bg7 7. e4 O-O 8. Be3
a5 9. d5 e6 10. Rd1 exd5 11. exd5 a4 12. Qc2 a3 13. bxa3 Rxa3 14. Nb5 Bf5 15.
Qd2 Na4 16. Nfd4 Rxe3+ 17. fxe3 Be4 18. Bc4 c6 19. dxc6 bxc6 20. O-O cxb5 21.
Nxb5 Qxd2 22. Rxd2 Nb2 23. Bxf7+ Kh8 24. Bxg6 Rxf1+ 25. Kxf1 hxg6 26. Rd8+ Kh7
27. Rxb8 Be5 28. Re8 Nc4 29. Kf2 Nb2 30. Nd4 Bb1 31. Re7+ Kh6 32. Nf3 Bf6 33.
Rf7 Bc3 34. h4 Bxa2 35. Ra7 Bc4 36. g4 Nd3+ 37. Kg3 g5 38. Nxg5 Be1+ 39. Kh3
Nf2+ 40. Kg3 Nd3+ 41. Kf3 Bxh4 42. Rh7+ Kxg5 43. Rh5+ Kg6 44. Rxh4 Be6 45. Rh5
Ne1+ 46. Kg3 Nc2 47. Re5 Kf6 48. Re4 Bd5 49. Rf4+ Ke5 50. Kf2 Be4 51. Rf8 Bg6
52. Rb8 Kf6 53. Rb5 Na3 54. Rc5 Bf7 55. g5+ Kg7 56. Kf3 Nc4 57. Kf4 Nb6 58. e4
Nd7 59. Rc7 Nf8 60. Kf5 Ne6 61. Rd7 Nf8 62. Rd6 Bg6+ 63. Ke5 Bf7 64. Ra6 Nh7 65.
Kf5 Nf8 66. Ra7 Kg8 67. e5 Bc4 68. g6 Bd3+ 69. Kf6 Nxg6 70. Rg7+ Kf8 71. e6 Be4
72. Rc7 Kg8 73. Rc8+ Kh7 74. Rc7+ Kg8 75. Rc4 Bd3 76. Rd4 Bc2 77. Rg4 Kh7 78.
Rg5 Bb3 79. Rh5+ Kg8 80. Kxg6 Bxe6 81. Re5 Bf7+ 82. Kf6 Bb3 83. Rg5+ Kh8 84. Rg3
Bd5 85. Rg4 Bb3 86. Rh4+ Kg8 87. Rb4 Bc2 88. Rb2 Bd3 89. Rg2+ Kh8 90. Kf7 Bc4+
91. Kg6 Bd3+ 92. Kh6 Bc4 93. Rg4 Be6 94. Re4 Bd5 95. Rd4 Bb3 96. Rd8+ Bg8 97.
Rd7 Bb3 98. Kg6 Bc2+ 99. Kf6 Bb3 100. Rd3 Bc2 101. Rh3+ Kg8 102. Rg3+ Kh8 103.
Kf7 Be4 104. Rg5 Bc2 105. Rh5+ Bh7 106. Kf6 Kg8 107. Rg5+ Kh8 108. Re5 Bc2 109.
Kf7 Bb3+ 110. Kg6 Bc2+ 111. Kh6 Bb3 112. Re8+ Bg8 113. Rf8 1/2-1/2

[Event "Washington International 2012"]
[Site "Rockville USA"]
[Date "2012.07.30"]
[Round "5"]
[White "Bartell,T"]
[Black "Ostrovskiy,Al"]
[Result "1/2-1/2"]
[WhiteTitle "FM"]
[BlackTitle "FM"]
[WhiteElo "2410"]
[BlackElo "2351"]
[WhiteFideId "2017849"]
[BlackFideId "2034239"]
[EventDate "2012.07.28"]

1. d4 d5 2. c4 c6 3. Nf3 Nf6 4. e3 Bf5 5. Nc3 e6 6. Nh4 Be4 7. f3 Bg6 8. Qb3 Qc7
9. Bd2 Nbd7 10. Nxg6 hxg6 11. O-O-O Be7 12. Kb1 a5 13. cxd5 Nxd5 14. e4 Nxc3+
15. Qxc3 Bb4 16. Qc2 Bxd2 17. Rxd2 O-O-O 18. g3 Nf6 19. Bg2 Qb6 20. Qc3 Rd7 21.
f4 Kb8 22. h3 Rhd8 23. Rhd1 Ne8 1/2-1/2

[Event "Washington International 2012"]
[Site "Rockville USA"]
[Date "2012.07.30"]
[Round "5"]
[White "Gu,Christopher"]
[Black "Herman,Ma"]
[Result "1-0"]
[WhiteElo "2225"]
[BlackElo "2394"]
[WhiteFideId "2059460"]
[BlackFideId "2028964"]
[EventDate "2012.07.28"]

1. d4 d5 2. c4 c6 3. Nf3 e6 4. e3 Nd7 5. Nbd2 f5 6. b3 Nh6 7. Bb2 Bd6 8. g3 O-O
9. Bg2 Nf7 10. O-O g5 11. Ne1 g4 12. Nd3 h5 13. h4 gxh3 14. Bxh3 Ng5 15. Bg2 Nf6
16. Nf4 Ng4 17. Nf3 Ne4 18. Qe2 Qe8 19. Nh4 b6 20. Qe1 a5 21. a3 Nef6 22. f3 Nh6
23. Nfg6 Rf7 24. e4 fxe4 25. Qe3 Kh7 26. Bc1 Bf8 27. Ne5 Nf5 28. Nxf5 exf5 29.
Qg5 Raa7 30. Qg6+ Kh8 31. fxe4 dxe4 32. Bg5 Nh7 33. Qxh5 Rfe7 34. Ng6+ Kg7 35.
Bxe7 Rxe7 36. Nf4 Qxh5 37. Nxh5+ Kh6 38. Nf4 Nf6 39. Kf2 Ng4+ 40. Ke2 Bg7 41.
Rh1+ Kg5 42. Rh5+ Kf6 43. Rh7 Kg5 44. Rh5+ Kf6 45. Bh3 Nh6 46. Rd1 a4 47. b4 Rd7
48. d5 Ba6 49. dxc6 Bxc4+ 50. Ke1 Rc7 51. Rd6+ Ke5 52. Rd7 Rxc6 53. Rxg7 Kd4 54.
Rg6 Rxg6 55. Nxg6 Ng4 56. Bxg4 fxg4 57. Rg5 Kc3 58. Rxg4 Bd3 59. Ne5 Bc2 60. Rg6
b5 61. Rb6 Kb2 62. Rxb5 Kxa3 63. Rb8 Bb3 64. b5 Kb2 65. b6 a3 66. b7 Bd5 67. Ra8
Bxb7 68. Rb8 a2 69. Rxb7+ Kc3 70. Ra7 Kb2 71. g4 a1=Q+ 72. Rxa1 Kxa1 73. g5 1-0

[Event "Washington International 2012"]
[Site "Rockville USA"]
[Date "2012.07.30"]
[Round "5"]
[White "Morrison,W"]
[Black "Guadalupe,F"]
[Result "0-1"]
[WhiteTitle "FM"]
[WhiteElo "2330"]
[BlackElo "2214"]
[WhiteFideId "2009315"]
[BlackFideId "2025671"]
[EventDate "2012.07.28"]

1. e4 e5 2. Nf3 Nc6 3. Bc4 Nf6 4. Ng5 d5 5. exd5 Na5 6. Bb5+ c6 7. dxc6 bxc6 8.
Qf3 Be7 9. Bd3 O-O 10. O-O h6 11. Ne4 Nd5 12. Ng3 Nf4 13. Bf5 Bb7 14. d3 g6 15.
Bxf4 exf4 16. Qxf4 Bg5 17. Qa4 gxf5 18. b4 Qd4 19. c3 Qxd3 20. Qxa5 f4 21. Qf5
Ba6 22. Qxd3 Bxd3 23. Nh5 Bxf1 24. Kxf1 Rfd8 25. Ke2 Re8+ 0-1

[Event "Washington International 2012"]
[Site "Rockville USA"]
[Date "2012.07.30"]
[Round "5"]
[White "Colas,Joshua"]
[Black "Tuhrim,R"]
[Result "1-0"]
[WhiteElo "2126"]
[BlackElo "2268"]
[WhiteFideId "2044447"]
[BlackFideId "2026350"]
[EventDate "2012.07.28"]

1. d4 Nf6 2. c4 c5 3. d5 e6 4. Nc3 exd5 5. cxd5 Bd6 6. e4 O-O 7. Be3 Qa5 8. f3
Be5 9. Qd2 d6 10. Bd3 a6 11. Nge2 b5 12. O-O Re8 13. g4 g6 14. a3 c4 15. Bc2
Nbd7 16. h3 Nc5 17. Nd4 Bb7 18. Kg2 h5 19. Kg1 Rac8 20. g5 Nfd7 21. f4 Bg7 22.
Rf2 Nd3 23. Bxd3 cxd3 24. b4 Qc7 25. Rc1 Qc4 26. Na2 Bxd4 27. Rxc4 Rxc4 28. Bxd4
Rxd4 29. Nc3 Rc8 30. Rf3 Nb6 31. Rxd3 Nc4 32. Qe2 Rxd3 33. Qxd3 Nxa3 34. e5 Nc4
35. e6 Re8 36. Ne4 Re7 37. Qd4 fxe6 38. Qf6 Rg7 39. Qxe6+ Kf8 40. Nf6 1-0

[Event "Washington International 2012"]
[Site "Rockville USA"]
[Date "2012.07.30"]
[Round "5"]
[White "Rozman,Levy"]
[Black "Schuyler,J"]
[Result "0-1"]
[BlackTitle "FM"]
[WhiteElo "2200"]
[BlackElo "2345"]
[WhiteFideId "2039877"]
[BlackFideId "2001861"]
[EventDate "2012.07.28"]

1. e4 Nc6 2. Nf3 d6 3. d4 Nf6 4. c3 g6 5. Bd3 Bg7 6. O-O O-O 7. h3 e5 8. Na3 d5
9. Bg5 dxe4 10. Bxe4 exd4 11. Bxc6 dxc3 12. Qa4 bxc6 13. Qxc6 cxb2 14. Rad1 Bd7
15. Qc2 Qc8 16. Qxb2 Ne4 17. Qb4 Re8 18. Kh2 Bf8 19. Qa5 Bd6+ 20. Kg1 Bxh3 21.
gxh3 Qxh3 22. Rd3 Ng3 23. fxg3 Qxg3+ 24. Kh1 Re2 0-1

[Event "Washington International 2012"]
[Site "Rockville USA"]
[Date "2012.07.30"]
[Round "5"]
[White "Zenyuk,I"]
[Black "Leve,Nitai D"]
[Result "1-0"]
[WhiteTitle "CM"]
[WhiteElo "2242"]
[BlackElo "2134"]
[WhiteFideId "2022966"]
[BlackFideId "2006898"]
[EventDate "2012.07.28"]

1. d4 d5 2. c4 e6 3. Nc3 c6 4. e3 f5 5. Nf3 Nf6 6. Bd3 a6 7. O-O Bd6 8. b3 O-O
9. Bb2 Bd7 10. Qc1 b5 11. Ne5 Be8 12. Qc2 Ra7 13. f3 g5 14. c5 Bc7 15. Ne2 Nfd7
16. g4 Qf6 17. f4 gxf4 18. exf4 Nxe5 19. dxe5 Qg7 20. Nd4 Qxg4+ 21. Kh1 Kf7 22.
Rg1 Qh4 23. Bxf5 Bd7 24. Bxe6+ Bxe6 25. Rg7+ Kxg7 26. Nxe6+ Kh8 27. Nxf8 Bd8 28.
Qc3 Qxf4 29. e6+ d4 30. Qxd4+ Qxd4 31. Bxd4+ Kg8 32. Rf1 Re7 33. Be5 Bc7 34. Bd6
Rg7 35. e7 1-0

[Event "Washington International 2012"]
[Site "Rockville USA"]
[Date "2012.07.30"]
[Round "6.3"]
[White "Sundararajan,K"]
[Black "Azarov,S"]
[Result "0-1"]
[WhiteTitle "GM"]
[BlackTitle "GM"]
[WhiteElo "2459"]
[BlackElo "2658"]
[WhiteFideId "5005370"]
[BlackFideId "13501470"]
[EventDate "2012.07.28"]

1. c4 e6 2. g3 Nf6 3. Bg2 d5 4. Nf3 Be7 5. O-O O-O 6. b3 b6 7. Bb2 Bb7 8. e3 c5
9. Nc3 dxc4 10. bxc4 Nc6 11. Qe2 a6 12. Rfd1 Qc7 13. Rac1 Rfd8 14. d4 Na5 15.
Nb1 Rac8 16. Nbd2 Bc6 17. dxc5 Bxc5 18. Nb3 Nxb3 19. axb3 Be7 20. Ne5 Bxg2 21.
Kxg2 Bd6 22. Nd3 Nd7 23. Ra1 b5 24. cxb5 Qb7+ 25. Qf3 Qxb5 26. Nf4 Be5 27. Bxe5
Nxe5 28. Qe2 Qb7+ 29. e4 h6 30. Nd3 Qb5 31. Nf4 Rxd1 32. Qxd1 Kh7 33. Ra4 Rc3
34. Qf1 Qxb3 35. Rxa6 Rc2 36. Kg1 Qb4 37. Nd3 Nxd3 38. Qxd3 Qb1+ 0-1

[Event "Washington International 2012"]
[Site "Rockville USA"]
[Date "2012.07.30"]
[Round "6"]
[White "Friedel,J"]
[Black "Sarkar,J"]
[Result "1/2-1/2"]
[WhiteTitle "GM"]
[BlackTitle "IM"]
[WhiteElo "2503"]
[BlackElo "2396"]
[WhiteFideId "2017199"]
[BlackFideId "2010011"]
[EventDate "2012.07.28"]

1. c4 g6 2. Nc3 c5 3. g3 Bg7 4. Bg2 d6 5. Nf3 Nc6 6. O-O e5 7. Ne1 Be6 8. d3
Nge7 9. Nc2 d5 10. cxd5 Nxd5 11. Ne3 Nde7 12. Nc4 O-O 13. f4 exf4 14. gxf4 f5
15. Qa4 Rb8 16. Nd2 Qd4+ 17. Kh1 Qxa4 18. Nxa4 b6 19. Nf3 Nd4 20. Nxd4 cxd4 21.
Bd2 Nd5 22. Rfc1 Rfe8 23. Kg1 Bh6 24. Bxd5 Bxd5 25. Kf2 Bf8 26. e3 Bg7 27. Rc2
dxe3+ 28. Bxe3 Bf6 29. Bd2 Rbd8 30. Kf1 Bb7 31. Rc7 Rxd3 32. Bc3 Bxc3 33. Nxc3
Ba6 34. Kg1 Rd2 35. Rxa7 Bc4 36. b3 Bf7 37. Rc7 Kf8 38. Rf1 Rc2 39. Rf2 Re1+ 40.
Kg2 Rcc1 41. Rd2 Re3 42. Rd8+ Kg7 43. Rdd7 Rc2+ 44. Kf1 Rexc3 45. Rxf7+ Kg8 46.
Rg7+ Kf8 47. Rxc3 Rxc3 48. Rb7 Rc1+ 49. Kf2 Rc2+ 50. Kg3 Rxa2 51. Rxb6 Kg7 52.
Rb7+ Kh6 53. h3 Rb2 54. b4 1/2-1/2

[Event "Washington International 2012"]
[Site "Rockville USA"]
[Date "2012.07.30"]
[Round "6"]
[White "Jayakumar,A"]
[Black "Hunt,A"]
[Result "1/2-1/2"]
[BlackTitle "IM"]
[WhiteElo "2300"]
[BlackElo "2447"]
[WhiteFideId "5026520"]
[BlackFideId "403970"]
[EventDate "2012.07.28"]

1. d4 Nf6 2. c4 g6 3. g3 Bg7 4. Bg2 d5 5. cxd5 Nxd5 6. Nf3 Nb6 7. O-O Nc6 8. e3
O-O 9. Nc3 Re8 10. Re1 a5 11. Qe2 Be6 12. Nd2 a4 13. Rd1 Ra5 14. d5 Nxd5 15. Nc4
Nxc3 16. bxc3 Qa8 17. Nxa5 Nxa5 18. Ba3 c6 19. Qc2 Nc4 20. Bc5 Qa5 21. Bd4 f6
22. e4 c5 23. Be3 Nxe3 24. fxe3 Bg4 25. Rd5 Be6 26. Rdd1 Bg4 27. Rd5 1/2-1/2

[Event "Washington International 2012"]
[Site "Rockville USA"]
[Date "2012.07.30"]
[Round "6"]
[White "Ippolito,D"]
[Black "Bodek,Michael H"]
[Result "1-0"]
[WhiteTitle "IM"]
[BlackTitle "FM"]
[WhiteElo "2429"]
[BlackElo "2324"]
[WhiteFideId "2009870"]
[BlackFideId "2043858"]
[EventDate "2012.07.28"]

1. d4 Nf6 2. c4 e6 3. g3 d5 4. Nf3 dxc4 5. Bg2 Nc6 6. Qa4 Bb4+ 7. Bd2 Nd5 8.
Bxb4 Nxb4 9. O-O Rb8 10. Nc3 O-O 11. Qb5 b6 12. Qxc4 Ba6 13. Nb5 Qd5 14. Qxd5
Nxd5 15. a4 Na5 16. Ne5 Rbd8 17. Nxa7 Nb3 18. Nac6 Bxe2 19. Ra3 Bxf1 20. Kxf1
Nd2+ 21. Ke2 Rd6 22. Kxd2 f6 23. Bxd5 fxe5 24. Rf3 Rf6 25. Be4 exd4 26. b4 e5
27. Rxf6 Rxf6 28. f3 1-0

[Event "Washington International 2012"]
[Site "Rockville USA"]
[Date "2012.07.30"]
[Round "6"]
[White "Guadalupe,F"]
[Black "Bartell,T"]
[Result "0-1"]
[BlackTitle "FM"]
[WhiteElo "2214"]
[BlackElo "2410"]
[WhiteFideId "2025671"]
[BlackFideId "2017849"]
[EventDate "2012.07.28"]

1. e4 c5 2. Nf3 e6 3. d4 cxd4 4. Nxd4 a6 5. Bd3 Bc5 6. Nb3 Ba7 7. O-O Nc6 8. Qg4
Qf6 9. Qg3 Qg6 10. Bf4 Nf6 11. Nc3 Nh5 12. Qxg6 hxg6 13. Bd6 Bb8 14. Bxb8 Rxb8
15. Rfe1 d6 16. Rad1 Ke7 17. a4 b6 18. g3 g5 19. Be2 Ne5 20. Nd4 Bb7 21. Nf3
Nxf3+ 22. Bxf3 Nf6 23. Rd3 Nd7 24. Bg2 Ne5 25. Rd4 g4 26. Red1 Rhd8 27. Kf1 Rbc8
28. Rb4 Rc6 29. h3 a5 30. Rbd4 Ba6+ 31. Kg1 gxh3 32. f4 Nc4 33. Bh1 Nxb2 34. Rb1
Rxc3 35. Rxb2 Rb8 36. Kh2 b5 37. axb5 Rxb5 38. Ra2 Rbc5 39. Rd2 g5 40. Rf2 g4
41. f5 e5 42. Rd2 Bc4 43. Ra1 Rb5 44. Ra4 0-1

[Event "Washington International 2012"]
[Site "Rockville USA"]
[Date "2012.07.30"]
[Round "6"]
[White "Foisor,C"]
[Black "Colas,Joshua"]
[Result "1-0"]
[WhiteTitle "IM"]
[WhiteElo "2401"]
[BlackElo "2126"]
[WhiteFideId "1200496"]
[BlackFideId "2044447"]
[EventDate "2012.07.28"]

1. Nf3 Nf6 2. g3 d5 3. Bg2 e6 4. O-O Be7 5. d4 O-O 6. c4 dxc4 7. Qc2 a6 8. a4 c5
9. dxc5 Bxc5 10. Qxc4 Qe7 11. Bg5 Nbd7 12. Nc3 h6 13. Bxf6 Nxf6 14. e4 e5 15.
Nh4 Rb8 16. b4 Bd4 17. Ng6 Qe6 18. Qxe6 Bxe6 19. Nxf8 Kxf8 20. Rac1 Bc4 21. Rfd1
Rd8 22. Bf3 Ke7 23. Kg2 g5 24. h3 Rd7 25. Bg4 Nxg4 26. hxg4 b5 27. a5 Rd6 28.
Rd2 Rc6 29. Rdc2 Kd6 30. Ne2 Ba7 31. Ng1 Ke7 32. Nf3 Bd4 33. Nd2 Rf6 34. Nxc4
bxc4 35. Rxc4 Rxf2+ 36. Kh3 Rb2 37. Rc7+ Kf8 38. Rf1 Ke8 39. Rb7 Bc5 40. b5 Rxb5
41. Rxb5 axb5 42. Rc1 Bd4 43. Rc7 b4 44. a6 1-0

[Event "Washington International 2012"]
[Site "Rockville USA"]
[Date "2012.07.30"]
[Round "6"]
[White "Foisor,S"]
[Black "Zenyuk,I"]
[Result "1-0"]
[WhiteTitle "WGM"]
[BlackTitle "CM"]
[WhiteElo "2356"]
[BlackElo "2242"]
[WhiteFideId "1212915"]
[BlackFideId "2022966"]
[EventDate "2012.07.28"]

1. d4 Nf6 2. c4 g6 3. Nc3 Bg7 4. e4 d6 5. f3 O-O 6. Be3 Nbd7 7. Qd2 c5 8. Nge2
a6 9. Ng3 Qa5 10. Be2 cxd4 11. Bxd4 Ne5 12. Rc1 e6 13. O-O Nc6 14. Be3 Rd8 15.
Rfd1 Rb8 16. a3 Rd7 17. b4 Qd8 18. Na4 b6 19. Qe1 e5 20. Bf1 Nd4 21. Ne2 b5 22.
cxb5 Nxb5 23. Qf2 d5 24. Nb6 d4 25. Nxd7 Nxd7 26. Bd2 Nxa3 27. f4 Nb5 28. Ng3
Bb7 29. f5 Nd6 30. fxg6 hxg6 31. Bc4 Qh4 32. Bd5 Nf6 33. Bxb7 Rxb7 34. Rc6 Ng4
35. Qf3 Nxh2 36. Qb3 Nb5 37. Rxg6 Qh7 38. Rg5 Nc3 39. Bxc3 1-0

[Event "Washington International 2012"]
[Site "Rockville USA"]
[Date "2012.07.30"]
[Round "6"]
[White "Schuyler,J"]
[Black "Liang,Awonder"]
[Result "1-0"]
[WhiteTitle "FM"]
[BlackTitle "FM"]
[WhiteElo "2345"]
[BlackElo "1922"]
[WhiteFideId "2001861"]
[BlackFideId "2056437"]
[EventDate "2012.07.28"]

1. d4 d5 2. Bf4 Nf6 3. e3 e6 4. Nf3 Bd6 5. c3 O-O 6. Nbd2 c5 7. Bg3 Nc6 8. Bd3
Qe7 9. Ne5 Bxe5 10. dxe5 Nd7 11. f4 f6 12. Qh5 g6 13. Qh4 fxe5 14. Qxe7 Nxe7 15.
fxe5 Nf5 16. Bxf5 Rxf5 17. e4 dxe4 18. Nc4 b5 19. Ne3 Rf7 20. O-O-O Bb7 21. Rd6
Re8 22. Rhd1 Bc8 23. c4 b4 24. h4 h5 25. Kc2 Kg7 26. Rc6 a5 27. b3 Kg8 28. Rdd6
Rfe7 29. Bf4 Kf7 30. g3 Kg7 31. Kd2 Kg8 32. Ke2 Rf8 33. Rxe6 Rxe6 34. Rxe6 Kg7
35. Re7+ Kg8 36. Nd5 a4 37. e6 Nf6 38. Be5 Ne8 39. Rxe8 Rxe8 40. Nf6+ Kf8 41.
Bd6+ Re7 42. Nd5 Ke8 43. Bxe7 axb3 44. axb3 Bxe6 45. Bxc5 Bg4+ 46. Kd2 1-0